Stravinsky

Guardat en:
Dades bibliogràfiques
Autor principal: Siohan, Robert (Autor)
Format: Llibre
Idioma:francès
Publicat: París Edition du Seuil 1959
Col·lecció:Collections Microcosme Solfeges, 12
Matèries:
Etiquetes: Afegir etiqueta
Sense etiquetes, Sigues el primer a etiquetar aquest registre!

MARC

LEADER 00000nam a2200000 a 4500
001 UCW2325
003 CL-VaPUC
005 20231106092645.0
008 890330e19590000FR |||||||||||||||||fre|d
999 |c 216884  |d 216882 
040 |c Pontificia Universidad Católica de Valparaíso 
082 0 4 |a 780.92 SIO 1959  |2 21 
100 0 |a Siohan, Robert  |e author  |9 306339 
245 1 0 |a Stravinsky 
260 |a París  |b Edition du Seuil  |c 1959 
300 |a 183 p 
490 0 |a Collections Microcosme Solfeges, 12 
583 |a last modification  |c 19890330 00:00:00  |k Rodrigo Vera 
600 0 |a Stravinsky, Igor Federovich  |d 1882-1971  |9 306253 
650 0 |a Músicos rusos  |2 CL-VaPUC  |9 456891 
650 0 |a Biografías  |9 255210 
942 |c BK  |2 ddc 
945 |d 19890330 00:00:00 
952 |0 0  |1 0  |4 0  |6 780_920000000000000_SIO_1959  |7 0  |8 A  |9 203257  |a BIBEDU  |b BIBEDU  |d 2019-11-15  |i 2705095  |o 780.92 SIO 1959  |p 2705095  |r 2023-01-12  |w 2019-11-15  |y BK  |k MUS